[Event "LTU-ch Men 2019"]
[Site "Vilnius"]
[Date "2019.03.21"]
[Round "9.14"]
[White "Salna, Aleksandras"]
[Black "Bagdanskis, Dangis"]
[Result "0-1"]
[WhiteElo "1955"]
[BlackElo "1716"]
[Annotator "NA RC"]
[PlyCount "132"]
[EventDate "2019.??.??"]
[EventCountry "LTU"]
[SourceTitle "playchess.com"]
[Source "ChessBase"]
[SourceQuality "1"]
[TimeControl "5400+30"]

{[%evp 8,123,11,11,10,0,0,-6,20,2,29,26,33,33,42,53,33,33,35,0,21,0,14,-8,-11,-29,32767,32767,12,-19,21,-39,29,-21,27,-16,22,7,9,13,10,0,3,-35,-2,-23,0,0,26,19,18,32767,32767,32767,32767,25,27,20,52,56,85,0,0,2,52,0,53,0,0,0,0,0,0,0,0,32767,32767,0,0,0,32767,32767,32767,0,139,0,0,32767,102,32767,32767,32767,32767,352,32767,32767,445,504,439,550,400,583,813,1121,1662,783,1085,632,1204,942,598,27,23,-639,-817,-731,-979,-4678]} 1. Nf3 {[%emt 0:00:00]} Nf6 {[%emt 0:00:00]} 2. d4 {[%emt 0:00:51]} d5 {[%emt 0:00:00]} 3. c4 {[%emt 0:00:06]} c6 {[%emt 0:00:44]} 4. Nc3 {[%emt 0:01:07]} e6 {[%emt 0:03:50]} 5. cxd5 {[%emt 0:01:38]} exd5 {[%emt 0:00:04]} 6. Bg5 {[%emt 0:00:00]} h6 {[%emt 0:00:35]} 7. Bh4 {[%emt 0:00:00]} Bb4 {[%emt 0:01:00]} 8. Qc2 {[%emt 0:00:39] D38: Queen's Gambit Declined: Ragozin Defence (4 Nf3 Bb4)} g5 {[%emt 0:00:14]} 9. Bg3 {[%emt 0:00:12]} Ne4 {[%emt 0:00:05]} 10. Nd2 {[%emt 0:00:00]} Bf5 {[%emt 0:01:44]} 11. Ndxe4 {[%emt 0:00:29]} Bxe4 {[%emt 0:00:06]} 12. Qd2 {[%emt 0:00:26]} Nd7 {[%emt 0:12:47]} 13. e3 $146 {[%emt 0:01:05]} ({Predecessor:} 13. a3 Bxc3 14. Qxc3 Qe7 15. e3 {0-1 (29) Hnydiuk,A (2417)-Rozentalis,E (2603) Lublin 2009}) 13... Nb6 {[%emt 0:06:20]} 14. f3 {[%emt 0:02:53]} Bg6 {[%emt 0:00:36]} 15. Be2 {[%emt 0:06:43]} Qe7 {[%emt 0:03:37]} 16. Kf2 {[%emt 0:01:30]} Bd6 {[%emt 0:03:50]} 17. a4 {[%emt 0:02:37]} h5 {[%emt 0:00:08]} 18. a5 {[%emt 0:00:20]} Nd7 {[%emt 0:01:36]} 19. Rhf1 {[%emt 0:03:36]} ({White should play} 19. Bd3 $11) 19... Nf6 {[%emt 0:04:19]} 20. Bd3 {[%emt 0:03:54]} O-O {[%emt 0:06:09]} 21. Bxg6 {[%emt 0:02:02]} fxg6 {[%emt 0:00:05]} 22. Bxd6 {[%emt 0:00:51]} Qxd6 {[%emt 0:00:04]} 23. Kg1 {[%emt 0:00:10]} Rae8 {[%emt 0:00:24]} 24. Rae1 {[%emt 0:00:19]} Kg7 {[%emt 0:01:26]} 25. Kh1 {[%emt 0:17:01]} Re7 {[%emt 0:10:07]} 26. Rf2 {[%emt 0:05:10]} Rfe8 {[%emt 0:04:48]} 27. Rfe2 Rd7 {[%emt 0:15:46]} 28. Na4 {[%emt 0:05:29]} Rde7 {[%emt 0:03:17]} 29. Nc5 {[%emt 0:01:44]} b6 {[%emt 0:00:06]} 30. Nd3 {[%emt 0:00:09]} Nd7 {[%emt 0:00:06]} 31. axb6 {[%emt 0:03:18]} axb6 {[%emt 0:00:06]} 32. b4 {[%emt 0:00:16]} Kh7 {[%emt 0:02:21]} 33. Nf2 {[%emt 0:04:05]} Nf6 {[%emt 0:04:08] [#]} 34. e4 {[%emt 0:01:54]} (34. Nh3 $1 $16) 34... dxe4 {[%emt 0:00:05]} 35. fxe4 {[%emt 0:00:09]} Qf4 {[%emt 0:00:09]} 36. e5 {[%emt 0:01:34]} ({Better is} 36. Qc2 $16) 36... Nd5 {[%emt 0:00:54]} 37. Ne4 {[%emt 0:00:20]} Qxd2 {[%emt 0:00:16]} 38. Rxd2 {[%emt 0:00:23]} Kh6 {[%emt 0:00:38]} 39. b5 {[%emt 0:01:55]} cxb5 {[%emt 0:00:54]} 40. Nd6 {[%emt 0:00:55]} Rf8 {[%emt 0:00:57]} 41. Nxb5 {[%emt 0:01:17]} Ref7 {[%emt 0:00:13]} 42. h3 {[%emt 0:01:06]} Rf1+ {[%emt 0:07:06]} 43. Rxf1 {[%emt 0:00:39]} Rxf1+ {[%emt 0:00:02]} 44. Kh2 {[%emt 0:00:07]} Rb1 {[%emt 0:00:04]} 45. Nd6 {[%emt 0:00:41]} Ne3 {[%emt 0:00:03] [#]} (45... g4 $11) 46. Ra2 $2 {[%emt 0:01:20]} ({White has to play} 46. Rd3 $1 $16 {[%cal Rd3e3]} Nd5 47. Nf7+ Kg7 48. Nxg5) 46... g4 {[%emt 0:00:49]} 47. hxg4 {[%emt 0:02:31]} Nf1+ {[%emt 0:01:10]} (47... hxg4 $11 {keeps the balance.} 48. Kg3 Kg5) 48. Kg1 {[%emt 0:01:04]} hxg4 {[%emt 0:00:05]} 49. Kf2 {[%emt 0:00:30]} g3+ {[%emt 0:00:31]} 50. Kf3 {[%emt 0:01:55]} Rb3+ {[%emt 0:01:39]} 51. Kf4 {[%emt 0:00:59]} Ne3 {[%emt 0:02:25]} 52. e6 {[%emt 0:01:29]} Nd5+ {[%emt 0:00:55]} 53. Ke5 {[%emt 0:00:26]} Ne7 {[%emt 0:00:16]} 54. d5 {[%emt 0:00:59]} Re3+ {[%emt 0:02:02]} 55. Ne4 {[%emt 0:00:29]} g5 {[%emt 0:01:27]} 56. Ra1 {[%emt 0:04:07]} (56. d6 $142 Nc6+ 57. Kd5 Nb4+ 58. Kd4) 56... Kg6 {[%emt 0:01:40]} 57. Rf1 {[%emt 0:00:39]} Rd3 {[%emt 0:01:44]} 58. Nf6 {[%emt 0:02:13]} b5 {[%emt 0:00:49]} 59. Ke4 $2 {[%emt 0:01:46]} (59. Kd6 $18 Nc8+ 60. Kd7) 59... Rd2 {[%emt 0:00:08]} 60. Ke3 $2 {[%emt 0:00:41]} (60. Nd7 $11 Nxd5 61. Ne5+ Kh6 62. Rf5 Nc3+ 63. Ke3 (63. Kf3 Rf2+ 64. Kg4 Rxf5 $11)) 60... Rf2 $1 {[%emt 0:00:15]} 61. Rd1 {[%emt 0:08:52]} Kxf6 {[%emt 0:00:09]} 62. d6 $19 {[%emt 0:00:25]} Nf5+ {[%emt 0:00:36]} 63. Ke4 {[%emt 0:00:18]} Re2+ {[%emt 0:01:00]} 64. Kf3 {[%emt 0:00:04]} Re3+ {[%emt 0:00:06]} 65. Kg4 {[%emt 0:00:11]} Re4+ {[%emt 0:00:01]} 66. Kf3 {[%emt 0:00:21]} Ke5 {[%emt 0:00:46]} 0-1